000 00900nam0a22002891 4500
001 rc\2283098
005 20250623042503.0
035 _a(NLR Aleph) 006562158
090 _a6855191
_c6855191
100 _a20110829d1976 |||y0rusy50 ca
101 0 _arus
102 _aRU
105 _ay z |||||
200 1 _aПрокурор Горайко
_eЗаписки
_fБорис Антоненко
210 _aЛьвов
_cКаменяр
_d1976
215 _a127 с.
_d20
606 _aПрокуратура
_yУССР
_xИстория
_2psbo
606 _aМилиция
_yУССР
_xИстория
_2psbo
686 _aХ629.14-99
_2rubbk
700 1 _aАнтоненко
_bБ.Т.
_gБорис Тихонович
801 0 _aRU
_bNLR
_gpsbo
801 1 _aRU
_bELAR
_2rusmarc
852 _aNLR
_j76-3/6856
899 _aRuMoRGB
_jБ 76-44/674
899 _aRuMoRGB
_jБ 76-44/675
942 _cBOOK
980 _aNB